guess the taylor song with NO hints - Statistics

General Stats
  • This quiz has been taken 9 times
  • The average score is 149 of 271
Answer Stats
Answer % Correct
a
100%
and
100%
i
100%
is
100%
like
100%
me
100%
of
100%
on
100%
the
100%
to
100%
you
100%
your
100%
are
88%
be
88%
i’m
88%
in
88%
my
88%
no
88%
see
88%
that
88%
when
88%
but
75%
i’d
75%
just
75%
knew
75%
love
75%
night
75%
not
75%
so
75%
this
75%
who
75%
all
63%
can’t
63%
could
63%
off
63%
there
63%
every
50%
face
50%
from
50%
never
50%
one
50%
saw
50%
take
50%
with
50%
you’ll
50%
again
38%
eyes
38%
feel
38%
first
38%
girl
38%
more
38%
up
38%
about
25%
comes
25%
girls
25%
knows
25%
superstar
25%
things
25%
ways
25%
who’s
25%
ain’t
13%
another
13%
around
13%
babe
13%
desperately
13%
down
13%
dreaming
13%
everyone
13%
give
13%
help
13%
invisible
13%
keep
13%
morning
13%
name
13%
nothing
13%
radio
13%
right
13%
sing
13%
sleep
13%
smile
13%
special
13%
tell
13%
town
13%
wide-eyed
13%
wish
13%
world
13%
wrong
13%
bars
0%
beautiful
0%
breaking
0%
counting
0%
dim
0%
front
0%
guitar
0%
hang
0%
loneliness
0%
misty
0%
note
0%
photograph
0%
play
0%
played
0%
row
0%
rules
0%
scream
0%
spotlight
0%
sweet
0%
today
0%
wakes
0%
wall
0%
No matching quizzes found
Score Distribution
Percent of People with Each Score
Percentile by Number Answered
Your Score History
You have not taken this quiz